| 000 | 00620nam a2200217 4500 | ||
|---|---|---|---|
| 001 | 86503 | ||
| 003 | BD-RjUL | ||
| 005 | 20260518121854.0 | ||
| 008 | 260518s1967 pk ||||| |||| 00| 0 urd d | ||
| 035 | _a(BD-RjUL) 86503 | ||
| 040 |
_aBD-RjUL _beng _cBD-RjUL |
||
| 041 | _aurd | ||
| 082 |
_223 _a530.1 _bASM 1967 |
||
| 100 |
_aعسکری، حمید ;; Askari, Hamid _918513 |
||
| 245 |
_aمدے کے خواص ;; made ke khwas / _cحمید عسکری ;; Hamid Askari |
||
| 260 |
_aLahor : _bMakaji urdu, _c1967 |
||
| 300 | _aV. ; | ||
| 505 | _aVol. ; 2.-- | ||
| 650 |
_aProperties of matter _918514 |
||
| 942 |
_2ddc _cBK |
||
| 999 |
_c86503 _d86503 |
||